NBA Players by Clue But It Gets Increasingly Harder - Statistics

General Stats
  • This quiz has been taken 173 times
  • The average score is 12 of 18
Answer Stats
Hint Player % Correct
Passed away in a helicopter crash Kobe Bryant
100%
Retired early to play baseball, then unretired Michael Jordan
99%
MVP from Serbia who loves his horses Nikola Jokic
97%
Was a pro at volleyball and could still score 100 points and NBA Wilt Chamberlain
97%
His shot from the corner sent his team to the 2018-2019 Championship Series Kawhi Leonard
90%
Gave the finger wag after a block Dikembe Mutombo
88%
Got suspended multiple times for pulling out a gun on Instagram Live Ja Morant
88%
Nickname is "Spida" Donovan Mitchell
86%
His corner three helped his team win the 2012-2013 NBA Championship Ray Allen
86%
His signature celebration is point at his wrist Damian Lillard
78%
This player got suspended 86 games for his on-court actions during the Malice at the Palace Ron Artest
71%
Got a rebound in a tie game in the championship and dribbled the ball out J.R. Smith
64%
NBA and NCAA banned dunking for nine years because of this guy Kareem Abdul-Jabbar
50%
Victor Wembanyama's French teammate drafted 7th Overall in the 2023 Draft Bilal Coulibaly
31%
Called an extra timeout in the NCAA Championship game Chris Webber
30%
Played an NBA game with an ankle monitor Kentavious Caldwell-Pope
17%
2024-2025 rookie scoring leader Jaylen Wells
16%
Winningest player in the 2020s (By winning percentage) Georges Niang
7%
No matching quizzes found
Score Distribution
Percent of People with Each Score
Percentile by Number Answered
Your Score History
You have not taken this quiz